[Event "Montreal op"]
[Site "Montreal CAN"]
[Date "2005.07.21"]
[Round "5"]
[White "Predescu, Sebastian"]
[Black "Roy, Alain"]
[Result "1-0"]
[WhiteElo "2234"]
[BlackElo "2117"]
[PlyCount "143"]
[GameId "2160767910901197"]
[EventDate "2005.07.15"]
[EventType "swiss"]
[EventRounds "9"]
[EventCountry "CAN"]
[SourceTitle "EXT 2007"]
[Source "ChessBase"]
[SourceDate "2006.11.23"]
[SourceVersion "1"]
[SourceVersionDate "2006.11.23"]
[SourceQuality "1"]

1. e4 g6 2. d4 Bg7 3. Nc3 d6 4. f4 c6 5. Nf3 d5 6. e5 h5 7. Be3 Nh6 8. Bd3 Bf5 9. O-O Bxd3 10. Qxd3 e6 11. g3 Nd7 12. h3 Qc7 13. a4 a5 14. Kg2 Bf8 15. Rh1 Be7 16. g4 O-O-O 17. f5 gxf5 18. g5 Rdg8 19. Kf2 f4 20. Bxf4 Nf5 21. Ne2 h4 22. Rhg1 Nf8 23. c3 Ng6 24. Bd2 Kd7 25. b4 axb4 26. cxb4 Ra8 27. a5 Rhc8 28. Rgb1 b5 29. Rg1 Rh8 30. Rg4 Qa7 31. Kg2 Rh5 32. Rf1 Rg8 33. Kh2 Qc7 34. Ne1 Ke8 35. Ng2 Qd8 36. Ne3 Nxe3 37. Qxe3 Rg7 38. Ng1 Qd7 39. Nf3 Qa7 40. Rc1 Kd7 41. Be1 Rgh7 42. Rg2 Rh8 43. Rgc2 Rc8 44. Qg1 Rh7 45. Qg4 Qa8 46. Kg2 Rc7 47. Bd2 Qf8 48. Rb1 Rh8 49. Kf2 Qg7 50. Ke2 Qh7 51. Rbc1 Bf8 52. Nh2 Ne7 53. Qf4 Nf5 54. Ng4 Be7 55. Ke1 Rg8 56. Nf6+ Bxf6 57. exf6 Nd6 58. Be3 Rcc8 59. Qe5 Qf5 60. Bf4 Qxe5+ 61. dxe5 Ne4 62. Rg2 Rg6 63. Ke2 c5 64. bxc5 Rxc5 65. Rxc5 Nxc5 66. Ke3 Na6 67. Rg4 b4 68. Kd2 Rg8 69. Be3 Rc8 70. g6 b3 71. g7 Rc2+ 72. Kd3 1-0

[Event "Montreal op"]
[Site "Montreal CAN"]
[Date "2005.07.21"]
[Round "5"]
[White "Tessier, Olivier"]
[Black "Ramaswamy, Kishor"]
[Result "1-0"]
[WhiteElo "2136"]
[BlackElo "2079"]
[PlyCount "53"]
[GameId "2160767910901198"]
[EventDate "2005.07.15"]
[EventType "swiss"]
[EventRounds "9"]
[EventCountry "CAN"]
[SourceTitle "EXT 2007"]
[Source "ChessBase"]
[SourceDate "2006.11.23"]
[SourceVersion "1"]
[SourceVersionDate "2006.11.23"]
[SourceQuality "1"]

1. e4 c6 2. Nf3 d5 3. d3 Bg4 4. h3 Bh5 5. g4 Bg6 6. Qe2 Nd7 7. Nc3 dxe4 8. dxe4 e5 9. h4 f6 10. Bh3 Nc5 11. g5 Bh5 12. Be3 h6 13. Rd1 Qa5 14. O-O hxg5 15. hxg5 Bf7 16. Bf5 g6 17. Bg4 Be6 18. Bxe6 Nxe6 19. Qc4 Nf4 20. Bxf4 exf4 21. Qe6+ Be7 22. e5 Kf8 23. exf6 Bxf6 24. gxf6 Re8 25. Qd6+ Kf7 26. Nd5 cxd5 27. Ng5# 1-0

[Event "Montreal op"]
[Site "Montreal CAN"]
[Date "2005.07.21"]
[Round "5"]
[White "Ye, Ling Feng"]
[Black "Malek, Omid"]
[Result "0-1"]
[WhiteElo "2051"]
[BlackElo "2021"]
[PlyCount "104"]
[GameId "2160767910901199"]
[EventDate "2005.07.15"]
[EventType "swiss"]
[EventRounds "9"]
[EventCountry "CAN"]
[SourceTitle "EXT 2007"]
[Source "ChessBase"]
[SourceDate "2006.11.23"]
[SourceVersion "1"]
[SourceVersionDate "2006.11.23"]
[SourceQuality "1"]

1. e4 c5 2. Nf3 e6 3. d4 cxd4 4. Nxd4 Nc6 5. Nb5 d6 6. c4 a6 7. N5a3 Nf6 8. Nc3 Be7 9. Be3 O-O 10. Be2 b6 11. f4 Nd7 12. O-O Bb7 13. Bf3 Rc8 14. Rc1 Nc5 15. Qd2 Re8 16. Rcd1 Qc7 17. Bf2 Qb8 18. Bg3 Red8 19. Kh1 Qa8 20. Qf2 Nb4 21. f5 Nbd3 22. Qe2 Ne5 23. Bg4 Nxg4 24. Qxg4 Nxe4 25. Nxe4 Bxe4 26. f6 Bxg2+ 27. Kg1 Bf8 28. Rf2 Be4 29. Bh4 g6 30. Bg5 h5 31. Qf4 e5 32. Qe3 d5 33. Bh6 Kh7 34. Bxf8 Rxf8 35. cxd5 Bxd5 36. Qxe5 Bf3 37. Rdf1 Bg4 38. Qg3 Qe4 39. Rf4 Qe6 40. Re1 Qd5 41. Rfe4 Rc1 42. Rxc1 Qxe4 43. Rc4 Qd5 44. Qe3 Qd1+ 45. Kg2 Rd8 46. Rc3 Bh3+ 47. Qxh3 Rd2+ 48. Kg3 Qg1+ 49. Kf4 g5+ 50. Kf5 Rd5+ 51. Ke4 Qd4+ 52. Kf3 g4+ 0-1

[Event "Montreal op"]
[Site "Montreal CAN"]
[Date "2005.07.21"]
[Round "5"]
[White "Yuan, Yuanling"]
[Black "Malette, Martin"]
[Result "0-1"]
[WhiteElo "1995"]
[BlackElo "2043"]
[PlyCount "71"]
[GameId "2160767910901200"]
[EventDate "2005.07.15"]
[EventType "swiss"]
[EventRounds "9"]
[EventCountry "CAN"]
[SourceTitle "EXT 2007"]
[Source "ChessBase"]
[SourceDate "2006.11.23"]
[SourceVersion "1"]
[SourceVersionDate "2006.11.23"]
[SourceQuality "1"]

1. e4 c5 2. Nf3 d6 3. d4 Nf6 4. Nc3 cxd4 5. Nxd4 g6 6. Be3 Bg7 7. f3 Nc6 8. Qd2 O-O 9. Bc4 Bd7 10. h4 Rc8 11. Bb3 Ne5 12. O-O-O Nc4 13. Bxc4 Rxc4 14. g4 Qa5 15. Nb3 Qa6 16. h5 Rfc8 17. hxg6 hxg6 18. e5 Rxc3 19. bxc3 Nxg4 20. fxg4 Bxg4 21. Rdf1 Qxa2 22. Rf4 Be6 23. Rb4 a5 24. Rxb7 a4 25. Na5 Bd5 26. Qh2 Bxb7 27. Nxb7 Qa1+ 28. Kd2 Qxc3+ 29. Ke2 Qxc2+ 30. Bd2 Qe4+ 31. Kd1 Qxb7 32. exd6 exd6 33. Rf1 Qb1+ 34. Ke2 Qe4+ 35. Kd1 a3 36. Qxd6 0-1

[Event "Montreal op"]
[Site "Montreal CAN"]
[Date "2005.07.22"]
[Round "6"]
[White "Larochelle, Martial"]
[Black "Predescu, Sebastian"]
[Result "0-1"]
[WhiteElo "2140"]
[BlackElo "2234"]
[PlyCount "70"]
[GameId "2160767910901201"]
[EventDate "2005.07.15"]
[EventType "swiss"]
[EventRounds "9"]
[EventCountry "CAN"]
[SourceTitle "EXT 2007"]
[Source "ChessBase"]
[SourceDate "2006.11.23"]
[SourceVersion "1"]
[SourceVersionDate "2006.11.23"]
[SourceQuality "1"]

1. c4 g6 2. d4 Nf6 3. Nc3 Bg7 4. e4 d6 5. Be2 O-O 6. Nf3 e5 7. d5 a5 8. Bg5 h6 9. Bh4 Na6 10. Nd2 Qe8 11. O-O Nh7 12. a3 Bd7 13. Kh1 a4 14. Nb5 h5 15. f3 Bh6 16. Qc2 Be3 17. Rad1 Bxb5 18. cxb5 Nc5 19. Nc4 Bd4 20. b6 Qd7 21. f4 f6 22. fxe5 fxe5 23. bxc7 Qxc7 24. Bg3 Rxf1+ 25. Bxf1 Rf8 26. Be2 Bf2 27. Bxf2 Rxf2 28. Nxe5 Qe7 29. Nxg6 Qg5 30. Nh4 Qxh4 31. e5 Qg5 32. g3 Qxe5 33. Qg6+ Kh8 34. Bxh5 Qxb2 35. Qe8+ Nf8 0-1

[Event "Montreal op"]
[Site "Montreal CAN"]
[Date "2005.07.22"]
[Round "6"]
[White "Molloy, Dick"]
[Black "Charbonneau, Yves"]
[Result "0-1"]
[WhiteElo "1079"]
[BlackElo "1270"]
[PlyCount "120"]
[GameId "2160767910901203"]
[EventDate "2005.07.15"]
[EventType "swiss"]
[EventRounds "9"]
[EventCountry "CAN"]
[SourceTitle "EXT 2007"]
[Source "ChessBase"]
[SourceDate "2006.11.23"]
[SourceVersion "1"]
[SourceVersionDate "2006.11.23"]
[SourceQuality "1"]

1. e4 c5 2. Nf3 Nc6 3. d4 cxd4 4. Nxd4 g6 5. Bb5 Bg7 6. Nxc6 bxc6 7. Bc4 e6 8. Be3 Bxb2 9. Nd2 Bxa1 10. Qxa1 f6 11. O-O Kf7 12. Rd1 Kg7 13. Nf3 Ne7 14. Bxe6 Qe8 15. Bb3 Rf8 16. Bg5 Ng8 17. Rd6 Qxe4 18. Bxg8 Qe7 19. Qd4 Rb8 20. Bb3 Rb5 21. Bf4 a5 22. a4 Rb4 23. Qd2 Re4 24. Bh6+ Kh8 25. Bxf8 Qxf8 26. Rd4 Re8 27. Qxa5 Qa3 28. Rd1 d5 29. Qc3 Qd6 30. Re1 Rf8 31. g3 Kg7 32. Nd4 Bd7 33. h4 h5 34. Kg2 Kh7 35. Qe3 Re8 36. Qc3 Rf8 37. Re3 f5 38. Qe1 Rf7 39. f4 Kg7 40. Nf3 Kh6 41. a5 c5 42. a6 Qxa6 43. Bxd5 Rf8 44. c4 Qa2+ 45. Qf2 Qa1 46. Ne5 Be8 47. Re1 Qa3 48. Rd1 Ba4 49. Rd2 Rb8 50. Bf7 Be8 51. Bxe8 Rxe8 52. Rd5 Qa8 53. Qxc5 Qa2+ 54. Qf2 Qb1 55. c5 Qe4+ 56. Qf3 Qc2+ 57. Kh3 Rb8 58. c6 Rb2 59. Qh1 Qe2 60. Rc5 Qg4+ 0-1

[Event "Montreal op"]
[Site "Montreal CAN"]
[Date "2005.07.22"]
[Round "6"]
[White "Noble, Matthew"]
[Black "Gilman, Arkadiy"]
[Result "1/2-1/2"]
[WhiteElo "2368"]
[BlackElo "2115"]
[PlyCount "67"]
[GameId "2160767910901204"]
[EventDate "2005.07.15"]
[EventType "swiss"]
[EventRounds "9"]
[EventCountry "CAN"]
[SourceTitle "EXT 2007"]
[Source "ChessBase"]
[SourceDate "2006.11.23"]
[SourceVersion "1"]
[SourceVersionDate "2006.11.23"]
[SourceQuality "1"]

1. c4 Nf6 2. Nf3 c6 3. Nc3 d5 4. e3 Nbd7 5. Qc2 e6 6. b3 b6 7. Bb2 Bb7 8. Rc1 Rc8 9. d4 Qc7 10. Bd3 h6 11. O-O Be7 12. e4 dxe4 13. Nxe4 Nxe4 14. Bxe4 Nf6 15. Bd3 O-O 16. Qe2 c5 17. Rcd1 Rcd8 18. dxc5 bxc5 19. Ne5 Nd7 20. Bc2 Rfe8 21. Nxd7 Rxd7 22. Rxd7 Qxd7 23. Rd1 Qc7 24. Qd3 f5 25. Qd7 Qc6 26. f3 Kf7 27. Qxc6 Bxc6 28. Kf2 Bf6 29. Bxf6 Kxf6 30. Rd6 Rc8 31. Ke3 Ke5 32. Rd1 f4+ 33. Kf2 g5 34. g3 1/2-1/2

[Event "Montreal op"]
[Site "Montreal CAN"]
[Date "2005.07.22"]
[Round "6"]
[White "Robichaud, Louis"]
[Black "Arsenault, Nicolas"]
[Result "1-0"]
[WhiteElo "2158"]
[BlackElo "2048"]
[PlyCount "45"]
[GameId "2160767910901205"]
[EventDate "2005.07.15"]
[EventType "swiss"]
[EventRounds "9"]
[EventCountry "CAN"]
[SourceTitle "EXT 2007"]
[Source "ChessBase"]
[SourceDate "2006.11.23"]
[SourceVersion "1"]
[SourceVersionDate "2006.11.23"]
[SourceQuality "1"]

1. e4 e6 2. d3 d5 3. Nd2 Nf6 4. Ngf3 b6 5. e5 Nfd7 6. d4 Be7 7. c3 c5 8. Bd3 Ba6 9. Bxa6 Nxa6 10. Qe2 Nab8 11. O-O O-O 12. Re1 Nc6 13. Nf1 Rc8 14. Bd2 Qc7 15. c4 dxc4 16. d5 exd5 17. Ne3 Ndxe5 18. Nxd5 Nxf3+ 19. Qxf3 Qd8 20. Bc3 Bd6 21. Nf6+ Kh8 22. Qf5 g6 23. Qh3 1-0

[Event "Montreal op"]
[Site "Montreal CAN"]
[Date "2005.07.22"]
[Round "6"]
[White "Roy, Alain"]
[Black "Feoktistov, Dmitri"]
[Result "1-0"]
[WhiteElo "2117"]
[BlackElo "2234"]
[PlyCount "41"]
[GameId "2160767910901206"]
[EventDate "2005.07.15"]
[EventType "swiss"]
[EventRounds "9"]
[EventCountry "CAN"]
[SourceTitle "EXT 2007"]
[Source "ChessBase"]
[SourceDate "2006.11.23"]
[SourceVersion "1"]
[SourceVersionDate "2006.11.23"]
[SourceQuality "1"]

1. d4 d5 2. c4 e6 3. Nc3 c5 4. e3 Nf6 5. Nf3 Nc6 6. Be2 Be7 7. O-O O-O 8. a3 b6 9. b3 Bb7 10. cxd5 Nxd5 11. Nxd5 Qxd5 12. dxc5 Qxc5 13. Bb2 Rfd8 14. Qb1 Rac8 15. Rd1 Rxd1+ 16. Qxd1 Rd8 17. Qb1 a5 18. Qe4 Nd4 19. exd4 Qc7 20. Qd3 Qf4 21. Qe3 1-0

[Event "Montreal op"]
[Site "Montreal CAN"]
[Date "2005.07.22"]
[Round "6"]
[White "Tremblay, Rejean"]
[Black "Libersan, Thierry"]
[Result "0-1"]
[WhiteElo "2223"]
[BlackElo "2065"]
[PlyCount "99"]
[GameId "2160767910901207"]
[EventDate "2005.07.15"]
[EventType "swiss"]
[EventRounds "9"]
[EventCountry "CAN"]
[SourceTitle "EXT 2007"]
[Source "ChessBase"]
[SourceDate "2006.11.23"]
[SourceVersion "1"]
[SourceVersionDate "2006.11.23"]
[SourceQuality "1"]

1. d4 d5 2. c4 e5 3. dxe5 d4 4. Nf3 Nc6 5. Nbd2 Bf5 6. a3 Qe7 7. g3 O-O-O 8. Bg2 h5 9. Qa4 Nh6 10. b4 Kb8 11. Bb2 Ng4 12. b5 Ncxe5 13. Bxd4 Nd3+ 14. Kf1 Nc5 15. Qb4 Rh6 16. h3 Nf6 17. Be3 Rh8 18. Nd4 Bc8 19. Bxb7 Rxd4 20. Bxc8 Rxd2 21. Bxd2 Kxc8 22. Qa5 Qe4 23. f3 Qb7 24. Rd1 Bd6 25. Bf4 Bxf4 26. gxf4 h4 27. Qd2 Nh5 28. Rh2 Qb6 29. Rf2 Qe6 30. Kg2 Qg6+ 31. Kh1 Ng3+ 32. Kh2 Nge4 33. fxe4 Qg3+ 34. Kh1 Qxf2 35. Qd5 Kb8 36. Qg5 Ne6 37. Qe7 Qxe2 38. Rd7 Qxe4+ 39. Kh2 Qxf4+ 40. Kg2 Qg5+ 41. Kf3 Qxe7 42. Rxe7 Rf8 43. Kg4 g5 44. a4 Kc8 45. Kf5 Kd8 46. Kf6 g4 47. c5 Re8 48. Rxf7 Rf8 49. Kxe6 Rxf7 50. Kxf7 0-1

[Event "Montreal op"]
[Site "Montreal CAN"]
[Date "2005.07.23"]
[Round "7"]
[White "Feoktistov, Dmitri"]
[Black "Caceres Cortes, Julio"]
[Result "1-0"]
[WhiteElo "2234"]
[BlackElo "2023"]
[PlyCount "77"]
[GameId "2160767910901208"]
[EventDate "2005.07.15"]
[EventType "swiss"]
[EventRounds "9"]
[EventCountry "CAN"]
[SourceTitle "EXT 2007"]
[Source "ChessBase"]
[SourceDate "2006.11.23"]
[SourceVersion "1"]
[SourceVersionDate "2006.11.23"]
[SourceQuality "1"]

1. d4 Nf6 2. c4 e6 3. Nc3 Bb4 4. Nf3 O-O 5. Bg5 h6 6. Bh4 d5 7. e3 Nbd7 8. Bd3 dxc4 9. Bxc4 c5 10. O-O Bxc3 11. bxc3 Qc7 12. Qb3 b6 13. Bg3 Qb7 14. Nd2 Ne4 15. Nxe4 Qxe4 16. Be2 Qg6 17. Bf3 Ba6 18. c4 Rad8 19. Qa4 Bc8 20. Bc7 cxd4 21. Bxd8 Ne5 22. Ba8 Rxd8 23. exd4 Nd3 24. Qxa7 e5 25. Qe7 Rf8 26. Qh4 Bg4 27. Bd5 b5 28. f3 Bf5 29. dxe5 Nxe5 30. cxb5 Qb6+ 31. Kh1 Qxb5 32. Be4 Be6 33. a4 Qc4 34. Qg3 Nd7 35. Rfc1 Qd4 36. Rd1 Qb2 37. Qd6 Nf6 38. a5 Bg4 39. Qd4 1-0

[Event "Montreal op"]
[Site "Montreal CAN"]
[Date "2005.07.23"]
[Round "7"]
[White "Gilman, Arkadiy"]
[Black "Bolduc, Steve"]
[Result "1/2-1/2"]
[WhiteElo "2115"]
[BlackElo "2206"]
[PlyCount "178"]
[GameId "2160767910901209"]
[EventDate "2005.07.15"]
[EventType "swiss"]
[EventRounds "9"]
[EventCountry "CAN"]
[SourceTitle "EXT 2007"]
[Source "ChessBase"]
[SourceDate "2006.11.23"]
[SourceVersion "1"]
[SourceVersionDate "2006.11.23"]
[SourceQuality "1"]

1. d4 Nf6 2. Nf3 e6 3. c4 Bb4+ 4. Bd2 c5 5. Bxb4 cxb4 6. e3 O-O 7. Bd3 d6 8. O-O Nc6 9. a3 e5 10. d5 Ne7 11. Be2 b5 12. axb4 bxc4 13. Bxc4 Bg4 14. h3 Bh5 15. g4 Bg6 16. Nc3 h5 17. Nh2 Qb6 18. b5 Ne4 19. Nxe4 Bxe4 20. Qd2 hxg4 21. hxg4 Rfc8 22. Rfc1 Rc5 23. Ra6 Qc7 24. b6 Qc8 25. Rxa7 Rxa7 26. bxa7 Bxd5 27. b3 Ba8 28. Qxd6 Qb7 29. f3 Rc8 30. Ra1 Ng6 31. Qxg6 Rxc4 32. Qd6 Rc8 33. b4 Qb5 34. Qd2 Qb6 35. Kf2 g5 36. Ra5 f6 37. Rc5 Rxc5 38. bxc5 Qxa7 39. Qd6 Kg7 40. c6 Qa2+ 41. Kg3 Qa6 42. Qe7+ Kg6 43. c7 Bb7 44. Qc5 Kf7 45. Qc2 Kg7 46. Kf2 e4 47. fxe4 Qe6 48. Kf3 Bc8 49. Qc5 Qa6 50. e5 fxe5 51. Qxe5+ Kg6 52. Kf2 Bb7 53. Nf3 Bxf3 54. Kxf3 Qf1+ 55. Ke4 Qc4+ 56. Qd4 Qxc7 57. Kd5 Qd7+ 58. Kc5 Qc8+ 59. Kb5 Qe8+ 60. Ka6 Qc8+ 61. Kb6 Qb8+ 62. Kc6 Qc8+ 63. Kd5 Qd7+ 64. Kc4 Qc8+ 65. Kd3 Qa6+ 66. Ke4 Qe6+ 67. Kf3 Qf7+ 68. Ke2 Qe6 69. Qd3+ Kh6 70. Kf3 Qc6+ 71. Qe4 Qd7 72. Qf5 Qd1+ 73. Ke4 Qa4+ 74. Ke5 Qa1+ 75. Ke6 Qa6+ 76. Kf7 Qa7+ 77. Kf6 Qf7+ 78. Ke5 Qc7+ 79. Kd4 Qa7+ 80. Ke4 Qa4+ 81. Kd5 Qb5+ 82. Kd6 Qb6+ 83. Kd7 Qxe3 84. Qe6+ Qxe6+ 85. Kxe6 Kg6 86. Ke5 Kg7 87. Kf5 Kf7 88. Kxg5 Kg7 89. Kf5 Kf7 1/2-1/2

[Event "Montreal op"]
[Site "Montreal CAN"]
[Date "2005.07.23"]
[Round "7"]
[White "Libersan, Thierry"]
[Black "Rivest, Jean-Michel"]
[Result "1/2-1/2"]
[WhiteElo "2065"]
[BlackElo "1921"]
[PlyCount "125"]
[GameId "2160767910901210"]
[EventDate "2005.07.15"]
[EventType "swiss"]
[EventRounds "9"]
[EventCountry "CAN"]
[SourceTitle "EXT 2007"]
[Source "ChessBase"]
[SourceDate "2006.11.23"]
[SourceVersion "1"]
[SourceVersionDate "2006.11.23"]
[SourceQuality "1"]

1. d4 d5 2. Nf3 Nf6 3. c4 c6 4. Nc3 e6 5. e3 Nbd7 6. Qc2 Bd6 7. Bd2 O-O 8. O-O-O a6 9. cxd5 cxd5 10. Bd3 b5 11. Kb1 Bb7 12. Ka1 b4 13. Ne2 Rc8 14. Qb3 a5 15. Ng3 Nb6 16. Rc1 Qe7 17. Rxc8 Rxc8 18. Rc1 Rxc1+ 19. Bxc1 Qc7 20. Qc2 Qxc2 21. Bxc2 Ng4 22. Ng5 h6 23. Nh3 Nxh2 24. Nh5 Ba6 25. N5f4 Kf8 26. f3 Bf1 27. Bd3 Ke7 28. b3 g5 29. Bxf1 Nxf1 30. Nd3 Nd7 31. Kb1 f5 32. Kc2 e5 33. dxe5 Nxe5 34. Nxe5 Bxe5 35. Kd3 Ke6 36. f4 Bf6 37. fxg5 hxg5 38. Ng1 Ng3 39. Ne2 Nxe2 40. Kxe2 Bc3 41. e4 f4 42. exd5+ Kxd5 43. Kd3 Be5 44. Bd2 g4 45. Be1 Bd4 46. Bh4 Bb6 47. Be1 f3 48. gxf3 gxf3 49. Bg3 f2 50. Ke2 Ke4 51. Bh4 f1=Q+ 52. Kxf1 Kd3 53. Bf6 Kc2 54. Ke2 Kb1 55. Kd3 Kxa2 56. Kc4 Bc7 57. Be7 Ka3 58. Bf8 Bg3 59. Be7 Be1 60. Kb5 Bh4 61. Bxh4 Kxb3 62. Kxa5 Kc4 63. Bf6 1/2-1/2

[Event "Montreal op"]
[Site "Montreal CAN"]
[Date "2005.07.23"]
[Round "7"]
[White "Malek, Omid"]
[Black "Larochelle, Martial"]
[Result "1-0"]
[WhiteElo "2021"]
[BlackElo "2140"]
[PlyCount "77"]
[GameId "2160767910901211"]
[EventDate "2005.07.15"]
[EventType "swiss"]
[EventRounds "9"]
[EventCountry "CAN"]
[SourceTitle "EXT 2007"]
[Source "ChessBase"]
[SourceDate "2006.11.23"]
[SourceVersion "1"]
[SourceVersionDate "2006.11.23"]
[SourceQuality "1"]

1. e4 c5 2. Nf3 d6 3. d4 cxd4 4. Nxd4 Nf6 5. Nc3 a6 6. Be3 e5 7. Nb3 Be6 8. f3 Nbd7 9. Qd2 b5 10. g4 Nb6 11. Qf2 Nfd7 12. O-O-O Rc8 13. Nd5 Bxd5 14. exd5 Be7 15. Kb1 O-O 16. h4 Nc4 17. Bc1 Ndb6 18. Bd3 a5 19. g5 a4 20. Nd2 Rc5 21. Ne4 Rxd5 22. b3 axb3 23. cxb3 Qa8 24. h5 Rb8 25. g6 h6 26. gxf7+ Kxf7 27. Qg2 Bf8 28. Qg6+ Ke7 29. Ng3 Na3+ 30. Ka1 Nbc4 31. Nf5+ Kd8 32. Qf7 Qa5 33. Qxf8+ Kc7 34. Qf7+ Kd8 35. Bb2 Ra8 36. bxc4 bxc4 37. Qe7+ Kc8 38. Nxd6+ Rxd6 39. Bf5+ 1-0

[Event "Montreal op"]
[Site "Montreal CAN"]
[Date "2005.07.23"]
[Round "7"]
[White "Plante, Michel"]
[Black "Dimev, Kiril"]
[Result "1/2-1/2"]
[WhiteElo "1931"]
[BlackElo "1934"]
[PlyCount "88"]
[GameId "2160767910901212"]
[EventDate "2005.07.15"]
[EventType "swiss"]
[EventRounds "9"]
[EventCountry "CAN"]
[SourceTitle "EXT 2007"]
[Source "ChessBase"]
[SourceDate "2006.11.23"]
[SourceVersion "1"]
[SourceVersionDate "2006.11.23"]
[SourceQuality "1"]

1. d4 Nf6 2. Nf3 d5 3. e3 c5 4. c3 e6 5. Nbd2 Nc6 6. Bd3 Bd6 7. O-O O-O 8. dxc5 Bxc5 9. e4 Qc7 10. Qe2 h6 11. Kh1 Bd6 12. Re1 Nd7 13. h3 Nce5 14. Nxe5 Nxe5 15. exd5 exd5 16. Nf3 Nxd3 17. Qxd3 Qc4 18. Rd1 Qxd3 19. Rxd3 Be6 20. Be3 Rfc8 21. Rad1 Be7 22. Nd4 a6 23. Bf4 Bc5 24. Nxe6 fxe6 25. f3 b5 26. Be5 Ra7 27. f4 Rf7 28. h4 Be7 29. h5 Rc4 30. g3 Bf6 31. Rc1 Bd8 32. Kg2 Rc6 33. Kh3 Bc7 34. Bxc7 Rfxc7 35. Re3 Kf7 36. g4 Rc4 37. Kg3 R7c6 38. Re5 Ra4 39. f5 exf5 40. Rxf5+ Rf6 41. Rxd5 Rxa2 42. Rd7+ Kf8 43. Rd8+ Kf7 44. Rd7+ Kf8 1/2-1/2

[Event "Montreal op"]
[Site "Montreal CAN"]
[Date "2005.07.23"]
[Round "7"]
[White "Predescu, Sebastian"]
[Black "Voskanyan, Vahagn"]
[Result "1/2-1/2"]
[WhiteElo "2234"]
[BlackElo "2277"]
[PlyCount "91"]
[GameId "2160767910901213"]
[EventDate "2005.07.15"]
[EventType "swiss"]
[EventRounds "9"]
[EventCountry "CAN"]
[SourceTitle "EXT 2007"]
[Source "ChessBase"]
[SourceDate "2006.11.23"]
[SourceVersion "1"]
[SourceVersionDate "2006.11.23"]
[SourceQuality "1"]

1. e4 c5 2. Nf3 d6 3. d4 cxd4 4. Nxd4 Nf6 5. Nc3 a6 6. f3 e6 7. Be3 Be7 8. Qd2 Qc7 9. g4 Nc6 10. g5 Nd7 11. O-O-O b5 12. f4 Bb7 13. Bxb5 axb5 14. Ndxb5 Qb8 15. Nxd6+ Bxd6 16. Qxd6 Qxd6 17. Rxd6 Ke7 18. Rhd1 Rhd8 19. e5 Ke8 20. Nb5 Rxa2 21. Kb1 Ra4 22. b3 Ra5 23. c4 Nb4 24. Bb6 Be4+ 25. Kb2 Ra2+ 26. Kc3 Nc6 27. Rxc6 Bxc6 28. Nd6+ Ke7 29. Bxd8+ Kxd8 30. b4 Ba4 31. Rd4 Rc2+ 32. Kd3 Rxh2 33. b5 h5 34. gxh6 gxh6 35. Kc3 Rh1 36. Kb4 Bd1 37. Nxf7+ Ke7 38. Nxh6 Rxh6 39. Rxd1 Rh4 40. Rf1 Rh2 41. f5 Re2 42. fxe6 Kxe6 43. Rd1 Rxe5 44. Ka5 Re2 45. Ka6 Re4 46. Rc1 1/2-1/2

[Event "Montreal op"]
[Site "Montreal CAN"]
[Date "2005.07.23"]
[Round "7"]
[White "Robichaud, Louis"]
[Black "Noble, Matthew"]
[Result "0-1"]
[WhiteElo "2058"]
[BlackElo "2368"]
[PlyCount "46"]
[GameId "2160767910901214"]
[EventDate "2005.07.15"]
[EventType "swiss"]
[EventRounds "9"]
[EventCountry "CAN"]
[SourceTitle "EXT 2007"]
[Source "ChessBase"]
[SourceDate "2006.11.23"]
[SourceVersion "1"]
[SourceVersionDate "2006.11.23"]
[SourceQuality "1"]

1. e4 Nf6 2. e5 Nd5 3. c4 Nb6 4. d4 d6 5. f4 dxe5 6. fxe5 Nc6 7. Be3 Bf5 8. Nc3 e6 9. Nf3 Bg4 10. Be2 Bxf3 11. gxf3 Qh4+ 12. Bf2 Qf4 13. Qc1 Qf5 14. Qb1 Qxb1+ 15. Rxb1 O-O-O 16. Rd1 Bb4 17. Rg1 Na4 18. a3 Nxc3 19. bxc3 Bxc3+ 20. Kf1 Nxd4 21. Bxd4 Bxd4 22. Rxg7 Bxe5 23. Rxd8+ Kxd8 0-1

[Event "Montreal op"]
[Site "Montreal CAN"]
[Date "2005.07.23"]
[Round "7"]
[White "Tessier, Olivier"]
[Black "Berube, Antoine"]
[Result "0-1"]
[WhiteElo "2136"]
[BlackElo "2168"]
[PlyCount "102"]
[GameId "2160767910901215"]
[EventDate "2005.07.15"]
[EventType "swiss"]
[EventRounds "9"]
[EventCountry "CAN"]
[SourceTitle "EXT 2007"]
[Source "ChessBase"]
[SourceDate "2006.11.23"]
[SourceVersion "1"]
[SourceVersionDate "2006.11.23"]
[SourceQuality "1"]

1. a3 d5 2. Nf3 Nf6 3. c4 c6 4. e3 Bf5 5. Nc3 e6 6. d4 Nbd7 7. Ne2 Bd6 8. Ng3 Bg6 9. c5 Bc7 10. b4 b5 11. Bb2 O-O 12. Ne5 Nxe5 13. dxe5 Nd7 14. f4 a5 15. Bd3 Bxd3 16. Qxd3 Qh4 17. O-O f6 18. exf6 Nxf6 19. Rf3 axb4 20. axb4 Rxa1+ 21. Bxa1 Ra8 22. Bb2 Ra2 23. Qb3 Ra4 24. Qc3 Ne8 25. Ne2 Bd8 26. Rg3 Bf6 27. Qb3 Bxb2 28. Qxb2 Qh5 29. Rg5 Rxb4 30. Qxb4 Qxe2 31. Qc3 h6 32. Rg3 b4 33. Qxb4 Qd1+ 34. Kf2 Nf6 35. Qe1 Ne4+ 36. Kf1 Nd2+ 37. Kf2 Ne4+ 38. Kf1 Nxg3+ 39. hxg3 Qxe1+ 40. Kxe1 Kf7 41. g4 g5 42. g3 Kf6 43. Ke2 gxf4 44. exf4 e5 45. f5 e4 46. Kd2 Ke5 47. Kc3 d4+ 48. Kc4 e3 49. Kd3 Kd5 50. Ke2 Kxc5 51. Kd3 Kd5 0-1

[Event "Montreal op"]
[Site "Montreal CAN"]
[Date "2005.07.23"]
[Round "7"]
[White "Trahan, Daniel"]
[Black "Ramaswamy, Kishor"]
[Result "1-0"]
[WhiteElo "1999"]
[BlackElo "2079"]
[PlyCount "105"]
[GameId "2160767910901216"]
[EventDate "2005.07.15"]
[EventType "swiss"]
[EventRounds "9"]
[EventCountry "CAN"]
[SourceTitle "EXT 2007"]
[Source "ChessBase"]
[SourceDate "2006.11.23"]
[SourceVersion "1"]
[SourceVersionDate "2006.11.23"]
[SourceQuality "1"]

1. d4 d5 2. c4 e6 3. Nc3 Nf6 4. cxd5 exd5 5. Bg5 Nbd7 6. e3 c6 7. Bd3 Be7 8. Qc2 Nh5 9. Bxe7 Qxe7 10. Nge2 g6 11. O-O-O Nb6 12. Kb1 Ng7 13. Ng3 Be6 14. Rc1 O-O-O 15. Na4 Nxa4 16. Qxa4 Kb8 17. Rc3 Rc8 18. Rhc1 Qd7 19. Ra3 b5 20. Qb4 Nf5 21. Ka1 Nd6 22. Rac3 Nb7 23. Qb3 a5 24. Qc2 c5 25. dxc5 d4 26. c6 Qd5 27. Rb3 a4 28. e4 axb3 29. exd5 bxc2 30. cxb7 Kxb7 31. dxe6 fxe6 32. Bxb5 Rhd8 33. Bd3 Kb6 34. Ne4 Rd5 35. b3 Ka5 36. Kb2 g5 37. h3 h5 38. Rxc2 Rxc2+ 39. Kxc2 g4 40. hxg4 hxg4 41. a3 Rd8 42. b4+ Kb6 43. Kb3 Rc8 44. Nc5 Ka7 45. a4 Rf8 46. Ne4 Rh8 47. a5 Rh2 48. b5 Rxg2 49. Kc4 e5 50. Kd5 g3 51. fxg3 Ra2 52. b6+ Kb8 53. Nc5 1-0